Estadísticas para Países por Imagen de Satélite #2

Haz click aquí para intentar la prueba.

Estadísticas generales

  • Esta prueba ha sido intentada 3.967 veces
  • La puntuación promedio es 10 de 16

Estadísticas de respuestas

Respuesta% Correcto
Egipto
98%
Sudáfrica
95%
Chipre
94%
Cuba
88%
Irán
79%
Nepal
64%
Finlandia
63%
Países Bajos
62%
Israel
61%
Ecuador
59%
Corea del Norte
56%
Bangladés
53%
Kuwait
48%
Singapur
46%
Baréin
43%
Guinea-Bissau
32%

Distribución de puntuación

Porcentaje por número respondido

Porcentaje de gente con cada puntuación

Historial de tus puntuaciones

No has intentado esta prueba.